000
00302nam a22001217a 4500
008
180605b xxu||||| |||| 00| 0 eng d
041
_a
eng
080
_a
043.3
100
_a
0
101
_a
MBE-BA
245
_a
Institucionet Financiare dhe ndikimi ne ekonomine globale
_c
Kurtishi, S
942
_2
udc
_c
BK
999
_c
46353
_d
46353